Najlepsi strzelcy Borussi Dortmund w historii - Statystyki

Ogólne statystyki
  • Ten quiz został rozwiązany 42 razy
  • Średni wynik to 2 z 10
Statystyki odpowiedzi
Miejsce Liczba goli Piłkarz % Poprawnych
2. 170 Marco Reus
95%
8. 141 Pierre-Emerick Aubameyang
51%
3. 159 Michael Zorc
16%
4. 158 Manfred Burgsmuller
8%
10. 123 Alfred Kelbassa
5%
9. 126 Alfred Niepieklo
5%
7. 143 Jurgen Schutz
5%
6. 148 Lothar Emmerich
5%
5. 155 Timo Konietzka
5%
1. 177 Adi Preibler
0%
Nie znaleziono quizów pasujących do podanych kryteriów
Rozkład punktacji
Procent ludzi z każdym wynikiem
Percentyl według liczby udzielonych odpowiedzi
Twoja historia wyników
Nie rozwiązałeś tego quizu